| 000 | 01702nam a22002537a 4500 | ||
|---|---|---|---|
| 003 | OSt | ||
| 005 | 20210215171412.0 | ||
| 008 | 210215t2016 ck ao||gq|||| 00| 0dspa d | ||
| 020 | _a9789584688613 | ||
| 040 |
_aCO-JMCR _cCO-JMCR |
||
| 041 | 0 | _aspa | |
| 082 | 0 | 4 |
_a305.908 / _bL563q _223 |
| 100 | 1 |
_aLeón Guerra, Olga Lorena, _eautor _913476 |
|
| 245 | 1 | 3 |
_aLo que esconde la sonrisa de la pelirroja : _ben los zapatos del paciente / _cOlga Lorena León Guerra -Lola- |
| 260 |
_aBogotá : _bOlga Lorena León Guerra, _c©2016 |
||
| 300 |
_a107 páginas : _bilustraciones y fotografías a color ; _c24 cm. |
||
| 500 | _aIncluye datos y fotografía de la autora y notas a pie de página. | ||
| 504 | _aBibliografía: página 103-104 | ||
| 505 | 0 | _aRenacer -- ¿Quién soy?, ¿de dónde vengo? y ¿para dónde voy? -- El coma -- La recuperación al lado de los ángeles -- Los aciertos y los desaciertos | |
| 520 | 3 | _aLo que esconde la sonrisa de la Pelirroja es la historia controvertida de una fisioterapeuta, que tenía una vida exitosa (laboral, familiar y social) y se ve afectada por una lesión neurológica. Narra desde los zapatos del paciente todo lo que sucede en el ámbito que la rodea, los cambios que implica sobrellevar una hemiplejia, los retos de sobreponerse saltando los obstáculos físicos y emocionales del cambio de vida, para lograr enfrentar las batallas que implica alcanzar sus metas al lado de quienes quisieron acompañarla en esta aventura. No vivas a medias, trázate un objetivo y sin importar lo que te digan, ve por él. | |
| 600 | 1 | 4 |
_aLeón Guerra, Olga Lorena, _vrelatos personales _913477 |
| 650 | 1 | 4 |
_aActitud hacia la enfermedad _913478 |
| 942 |
_2ddc _cBK |
||
| 999 |
_c7190 _d7190 |
||